000 01555nam a2200313 i 4500
003 EG-GICUC
005 20260121101159.0
008 251109s1987 ua ||||f |||| 00| 0 ara d
040 _a EG-GICUC
_bara
_c EG-GICUC
_d EG-GICUC
_erda
041 _aara
082 0 4 _221
_a345
_bم ا . ق
092 0 4 _221
099 _aLaw1 07 345 م ا . ق 1987
100 0 _aماجد راغب الحلو
_eمؤلف.
245 _aالقانون الأداري \
_cدكتور ماجد راغب الحلو
264 _aالإسكندرية :
_bدار المطبوعات الجامعية ،
_c1987.
300 _a ؛656 صفحة
_c24 سم
_bإيضاحيات، صور، مثيليات ؛
336 _2rda content
_atext
337 _2rda media
_aComputer
338 _2rda carrier
_aOnline Resource
500 _a ذاتية القانون الادارى . المركزية واللامركزية . الأموال العامة- الموظف العام - المرافق العامة - الضبط الإدارى - القرار الإدارى - العقد الإدارى - السلطة التقديرية- التنفيذ المباشر - نزع الملكية للمنفعة العامة
504 _aيشتمل علي ارجاعات ببليوجرافية
546 _aالنص أغلبه باللغة العربية بعض النصوص الإنجليزية والفرنسية
650 1 _aالقانون الإداري
_2qrmak
651 1 _2qrmak
856 4 0 _uhttps://fll.law.cu.edu.eg/fulltext/bks/B07-00632.pdf
905 _a74
942 _2ddc
_n0
_cBK
_e21
999 _c41874
_d41874